[Event "Club Rapid"]
[Site "Wellington Chess Club"]
[Date "2019.07.04"]
[Round "3"]
[White "Ross, Matt"]
[Black "Winfield, Alan"]
[Result "1-0"]
[WhiteElo "1500"]
[BlackElo "1937"]

1. e4 c5 2. Nf3 g6 3. Bc4 Nc6 4. d4 cxd4 5. Nxd4 Bg7 6. Qf3 e6 7. Nb5 Nd4 8.
Nd6+ Ke7 9. Qxf7+ Kxd6 10. Qxg7 Qf6 11. e5+ Qxe5+ 12. Qxe5+ Kxe5 13. f4+ Kf6
14. Na3 Ke7 15. b3 Nf6 16. Bb2 Nc6 17. g4 Rf8 18. Nb5 Rd8 19. g5 Ne8 20. O-O-O
d5 21. Be2 a6 22. Nd4 Nxd4 23. Rxd4 Nd6 24. Re1 Kf7 25. h4 Nf5 26. h5 Nxd4 27.
hxg6+ hxg6 28. Bxd4 Bd7 29. Rh1 Rg8 30. Bd3 Bc6 31. Rh7+ Kf8 32. Bf6 Bb5 33.
Bxg6 Rxg6 34. Rh8+ Kf7 35. Rxa8 Rg8 36. Rxg8 Kxg8 37. Kd2 Kf7 38. Kc3 Kg6 39.
Kd4 Kf5 40. Be5 Bc6 41. Kc5 Kg6 42. a4 Kf5 43. Kd6 Kg6 44. Kxe6 1-0

[Event "Club Rapid"]
[Site "Wellington Chess Club"]
[Date "2019.07.04"]
[Round "3"]
[White "Stone, Andrew"]
[Black "Croad, Nicolas"]
[Result "0-1"]
[WhiteElo "1942"]
[BlackElo "2312"]

1. e4 c5 2. Nf3 Nc6 3. d4 cxd4 4. Nxd4 Nf6 5. Nc3 e5 6. Ndb5 d6 7. Bg5 a6 8.
Na3 b5 9. Nd5 Be7 10. Bxf6 Bxf6 11. c3 O-O 12. Nc2 Bg5 13. Be2 Ne7 14. Nce3 Be6
15. Nxe7+ Qxe7 16. Nd5 Qb7 17. h4 Bh6 18. g4 Bxd5 19. Qxd5 Qxd5 20. exd5 Bf4
21. a4 bxa4 22. Rxa4 a5 23. Bb5 Rfb8 24. c4 Bc1 25. b3 Bb2 26. Ke2 Bc3 27. Kd3
Bb4 28. Rha1 Rf8 29. f4 exf4 30. Ke4 f5+ 31. gxf5 Ra7 32. Rxb4 Re7+ 33. Kxf4
axb4 34. Ra6 Rf6 35. c5 Re5 36. cxd6 Rfxf5+ 37. Kg4 h5+ 38. Kg3 Rf8 39. d7 Rd8
40. Rc6 Rf5 41. Re6 Rff8 42. Re7 Kh7 43. Bd3+ Kh6 44. Bb5 Rf6 45. Re8 Rf8 46.
Re7 Kg6 0-1

[Event "Club Rapid"]
[Site "Wellington Chess Club"]
[Date "2019.07.04"]
[Round "3"]
[White "Van der Hoorn, Thomas"]
[Black "Carroll, Lewis"]
[Result "1-0"]
[WhiteElo "1000"]
[BlackElo "1170"]

1. e4 c5 2. Nf3 e6 3. d4 cxd4 4. Nxd4 Nf6 5. Nc3 Nc6 6. Ndb5 Bb4 7. a3 Qa5 8.
Bd2 Be7 9. Nd5 Qa4 10. Ndc7+ Kd8 11. Nxa8 Qxe4+ 12. Be3 Nd5 13. Qd3 Qe5 14.
O-O-O Bf6 15. Bd4 Qf5 16. Kb1 a6 17. Bxf6+ gxf6 18. Nd4 Ne5 19. Qd2 Qg4 20. f3
Qg6 21. f4 Ng4 22. h3 Nge3 23. Re1 Nxf1 24. Rhxf1 b6 25. Qe2 Bb7 26. Nxb6 Nxb6
27. f5 Qxg2 28. Qxg2 Bxg2 29. Rg1 Bxh3 30. fxe6 fxe6 31. Rg7 e5 32. Nb3 Ke8 33.
Reg1 Kf8 34. Nc5 a5 35. Kc1 Nc4 36. Nxd7+ Ke8 37. Nxf6+ Kf8 38. Rxh7 Rxh7 39.
Nxh7+ Ke7 40. Rg3 Bf5 41. Rg5 Bxh7 42. b3 Nxa3 43. Rxe5+ Kd6 44. Rxa5 Nxc2 45.
Ra6+ Kc5 46. Ra7 Be4 47. Rc7+ Kb5 48. Rxc2 Bxc2 49. Kxc2 Kb4 50. Kb2 Kb5 51.
Ka3 Ka5 52. b4+ Kb6 53. Kb3 Kc6 54. Kc4 Kc7 55. Kb5 Kb7 56. Ka5 Ka7 57. b5 Ka8
58. Kb6 Kb8 59. Ka6 Kc7 60. b6+ Kc8 61. Ka7 Kd7 1-0

[Event "Club Rapid"]
[Site "Wellington Chess Club"]
[Date "2019.07.04"]
[Round "4"]
[White "Ackroyd, William"]
[Black "Wevers, Alexis"]
[Result "0-1"]
[WhiteElo "1000"]
[BlackElo "1490"]

1. e4 c5 2. Nf3 Nc6 3. Nc3 e5 4. Bc4 Nf6 5. d3 d6 6. Be3 Be7 7. Qd2 Ng4 8.
O-O-O Nxe3 9. Qxe3 Nd4 10. Ne2 h6 11. h4 Bg4 12. Nexd4 cxd4 13. Qe2 O-O 14. g3
Rc8 15. Kd2 Qa5+ 16. c3 Rfd8 17. b4 dxc3+ 18. Kxc3 Qa3+ 19. Kd2 Qxb4+ 20. Kc1
b5 0-1

[Event "Club Rapid"]
[Site "Wellington Chess Club"]
[Date "2019.07.04"]
[Round "4"]
[White "Cooke, Xandi"]
[Black "Forster, Bill"]
[Result "0-1"]
[WhiteElo "1100"]
[BlackElo "1920"]

1. d4 c5 2. d5 e5 3. e4 d6 4. Nc3 g6 5. Nf3 Bg7 6. Bc4 f5 7. O-O Nf6 8. exf5
gxf5 9. Bg5 O-O 10. Qd2 Kh8 11. Bh6 Rg8 12. Ng5 Qe8 13. Ne6 Bxh6 14. Qxh6 Rg6
15. Qh4 Bxe6 16. dxe6 Nc6 17. Rad1 Nd4 18. Rd2 Nf3+ 0-1

[Event "Club Rapid"]
[Site "Wellington Chess Club"]
[Date "2019.07.04"]
[Round "4"]
[White "Croad, Nicolas"]
[Black "Dive, Russell"]
[Result "1-0"]
[WhiteElo "2312"]
[BlackElo "2391"]

1. e4 c6 2. d4 d5 3. exd5 cxd5 4. c4 Nf6 5. Nc3 dxc4 6. Bxc4 e6 7. Nf3 Be7 8.
O-O O-O 9. a3 a6 10. Qe2 b5 11. Ba2 Bb7 12. Bg5 Nbd7 13. Rfe1 Re8 14. Rad1 Nf8
15. Ne5 Qb6 16. Rd3 Rad8 17. Rg3 Ng6 18. h4 Nd5 19. h5 Nxe5 20. Qxe5 Bd6 21.
Bxd8 Bxe5 22. Bxb6 Bxg3 23. Bxd5 1-0

[Event "Club Rapid"]
[Site "Wellington Chess Club"]
[Date "2019.07.04"]
[Round "4"]
[White "He, Paul"]
[Black "Laking, Robert"]
[Result "0-1"]
[WhiteElo "1494"]
[BlackElo "1587"]

1. c4 c5 2. Nc3 Nf6 3. g3 e6 4. Bg2 d5 5. cxd5 exd5 6. d4 cxd4 7. Qxd4 Nc6 8.
Qd1 d4 9. Nb5 Qa5+ 10. Nc3 dxc3 11. bxc3 Qxc3+ 12. Bd2 Qa3 13. Qc2 Nd4 14. Qc4
Qc5 15. Rc1 Qxc4 16. Rxc4 Ne6 17. Nh3 Bd7 18. Bxb7 Rb8 19. Bg2 Rb1+ 20. Bc1
Bb4+ 21. Kd1 Ba4+ 22. Rc2 Nd4 0-1

[Event "Club Rapid"]
[Site "Wellington Chess Club"]
[Date "2019.07.04"]
[Round "4"]
[White "Sellen, Ian"]
[Black "Aldridge, Alan"]
[Result "1-0"]
[WhiteElo "2020"]
[BlackElo "1889"]

1. c4 e5 2. Nc3 f5 3. g3 Nf6 4. Bg2 Nc6 5. e3 Bb4 6. Nge2 O-O 7. O-O d6 8. d4
Qe8 9. Nd5 Nxd5 10. Bxd5+ Kh8 11. a3 f4 12. exf4 Ba5 13. b4 Bb6 14. c5 dxc5 15.
dxc5 Bh3 16. Bg2 Bxg2 17. Kxg2 exf4 18. Nxf4 Rd8 19. Qe1 Qf7 20. cxb6 cxb6 21.
Qe6 Qc7 22. Nd5 Qb8 23. Bf4 Nd4 24. Qg4 1-0

[Event "Club Rapid"]
[Site "Wellington Chess Club"]
[Date "2019.07.04"]
[Round "4"]
[White "Winfield, Alan"]
[Black "Van der Hoorn, Thomas"]
[Result "1-0"]
[WhiteElo "1937"]
[BlackElo "1000"]

1. d4 Nf6 2. Bf4 d5 3. e3 Bf5 4. c4 e6 5. Qb3 b6 6. Nc3 c5 7. Nf3 Nc6 8. cxd5
exd5 9. Bb5 Rc8 10. Ba6 Ra8 11. Bb7 Nb4 12. O-O c4 13. Qa4+ Bd7 14. Qd1 Be7 15.
Bxa8 Qxa8 16. Ne5 O-O 17. a3 Nc6 18. Nxd7 Nxd7 19. Nxd5 Nf6 20. Nxf6+ Bxf6 21.
Qa4 Na5 22. Rac1 Rc8 23. Rc3 Qe4 24. Bg3 Qc6 25. Qxc6 Rxc6 26. Rd1 b5 27. e4
Bd8 28. d5 Rc8 29. f4 Bb6+ 30. Bf2 Bxf2+ 31. Kxf2 f6 32. Ke3 1-0

[Event "Club Rapid"]
[Site "Wellington Chess Club"]
[Date "2019.07.04"]
[Round "4"]
[White "Winter, Ryan"]
[Black "Ross, Matt"]
[Result "1-0"]
[WhiteElo "1835"]
[BlackElo "1500"]

1. e4 c5 2. Nf3 Nc6 3. Nc3 g6 4. d4 cxd4 5. Nxd4 Bg7 6. Be3 Nf6 7. Bc4 Qa5 8.
O-O Qb4 9. Bb3 Nxe4 10. Nxe4 Bxd4 11. c3 Bxc3 12. Nxc3 O-O 13. Re1 e6 14. Bh6
Re8 15. Nd5 Qa5 16. Nf6+ Kh8 17. Nxe8 d5 18. Qf3 f5 19. Qg3 Qd8 20. Ba4 Qxe8
21. Bxc6 Qf7 22. Bxd5 a5 23. Rac1 Bd7 24. Qe5+ Kg8 25. Bxb7 Re8 26. Rc7 Re7 27.
Rxd7 Qe8 28. Rxe7 Qxe7 29. Qb8+ Kf7 30. Bd5 Qb4 31. Bxe6+ Kf6 32. Qh8+ Ke7 33.
Qf8# 1-0

[Event "Club Rapid"]
[Site "Wellington Chess Club"]
[Date "2019.07.11"]
[Round "5"]
[White "Cooke, Xandi"]
[Black "Kibblewhite, Daniel"]
[Result "0-1"]
[WhiteElo "1100"]
[BlackElo "1271"]

1. d4 d5 2. c4 c6 3. Nc3 Nf6 4. Bf4 Qb6 5. b3 Bf5 6. Nf3 h6 7. e3 e6 8. Bd3
Bxd3 9. Qxd3 Nbd7 10. O-O Nh5 11. Be5 Nxe5 12. Nxe5 Bd6 13. c5 Bxc5 14. dxc5
Qxc5 15. Qd4 Qxd4 16. exd4 Ke7 17. Rfe1 Nf6 18. Re3 Nd7 19. Ne2 Rac8 20. Nf4
Nxe5 21. Rxe5 g5 22. Nd3 f6 23. Re3 Kd6 24. Rae1 Rhe8 25. f4 Kd7 26. Nc5+ Kc7
27. f5 e5 28. dxe5 fxe5 29. Rxe5 Rxe5 30. Rxe5 Kd6 31. Nd3 Rf8 32. Re6+ Kc7 33.
Rxh6 Rxf5 34. h4 gxh4 35. Rxh4 Kb6 36. Rb4+ Kc7 37. Kh2 Rf1 38. g4 Rd1 39. Nb2
Rd2+ 0-1

[Event "Club Rapid"]
[Site "Wellington Chess Club"]
[Date "2019.07.11"]
[Round "5"]
[White "Forster, Bill"]
[Black "Ross, Matt"]
[Result "1-0"]
[WhiteElo "1920"]
[BlackElo "1500"]

1. d4 Nf6 2. c4 e5 3. dxe5 Ng4 4. e4 Nxe5 5. f4 Ng6 6. Be3 Nc6 7. Nf3 Bb4+ 8.
Nc3 Qe7 9. Bd3 d6 10. O-O O-O 11. Qc2 f5 12. Nd5 Qd8 13. exf5 Nge7 14. f6 Nxd5
15. Bxh7+ Kh8 16. cxd5 Nb8 17. fxg7+ Kxg7 18. Qg6+ 1-0

[Event "Club Rapid"]
[Site "Wellington Chess Club"]
[Date "2019.07.11"]
[Round "5"]
[White "Laking, Robert"]
[Black "Tanoi, Edward"]
[Result "0-1"]
[WhiteElo "1587"]
[BlackElo "1920"]

1. d4 Nf6 2. c4 e6 3. Nf3 c5 4. d5 exd5 5. cxd5 d6 6. Nc3 g6 7. e4 Bg7 8. Bb5+
Nbd7 9. O-O O-O 10. Bf4 Qe7 11. Re1 Nh5 12. Bg5 f6 13. Bh4 g5 14. Bg3 Nxg3 15.
hxg3 a6 16. Ba4 b5 17. Bc2 Nb6 18. Nh2 Nc4 19. Qh5 Qe5 20. Ng4 Bxg4 21. Qxg4
Nxb2 22. Ne2 Nc4 23. f4 Qb2 24. Bb3 gxf4 25. Bxc4 f3 26. gxf3 bxc4 27. Qe6+ Kh8
28. Qxd6 c3 29. Rab1 Qd2 30. Rbd1 Qe3+ 31. Kg2 Rad8 32. Nf4 Qxe1 33. Qxf8+ Bxf8
34. Rxe1 Rb8 35. Re2 Rb2 36. Kf1 c4 37. Ne6 Bd6 0-1

[Event "Club Rapid"]
[Site "Wellington Chess Club"]
[Date "2019.07.11"]
[Round "5"]
[White "Theodosiou, Andreas"]
[Black "Ackroyd, William"]
[Result "0-1"]
[WhiteElo "1247"]
[BlackElo "1000"]

1. e4 c5 2. Nf3 d6 3. Bc4 Nf6 4. Nc3 Nxe4 5. d4 Nxc3 6. bxc3 d5 7. Bb3 c4 8.
Ba4+ Bd7 9. Bxd7+ Nxd7 10. Ne5 Nxe5 11. dxe5 e6 12. O-O Bc5 13. Rb1 b6 14. Qg4
g6 15. Kh1 h5 16. Qg3 Qc7 17. f4 O-O-O 18. a4 Kd7 19. Be3 Bxe3 20. Qxe3 Rc8 21.
h3 Qc5 22. Qf3 Rb8 23. Rb4 Rb7 24. Rb5 Qc6 25. Rb4 Rhb8 26. Ra1 a6 27. a5 bxa5
28. Rxb7+ Rxb7 29. Rxa5 Rb5 30. Ra1 Qb6 31. g4 Rb1+ 32. Rxb1 Qxb1+ 33. Kh2
Qxc2+ 34. Kg3 Qd3 35. Qxd3 cxd3 36. Kf2 Kc6 37. Ke3 Kc5 38. Kxd3 a5 39. Kc2 a4
40. Kb2 Kc4 41. f5 hxg4 42. hxg4 gxf5 0-1

[Event "Club Rapid"]
[Site "Wellington Chess Club"]
[Date "2019.07.11"]
[Round "5"]
[White "Van der Hoorn, Thomas"]
[Black "Mukherjee, Raash"]
[Result "1/2-1/2"]
[WhiteElo "1000"]
[BlackElo "1100"]

1. e4 e5 2. Nf3 Nc6 3. Bb5 Nge7 4. d4 exd4 5. Nxd4 a6 6. Nxc6 Nxc6 7. Ba4 b5 8.
Bb3 Bc5 9. O-O O-O 10. Bf4 Re8 11. Nc3 b4 12. Qd5 Qe7 13. Na4 Bb6 14. Nxb6 cxb6
15. Rfe1 Qe6 16. Rad1 a5 17. Qd6 Qxd6 18. Bxd6 Ba6 19. f4 Ne7 20. Bc7 a4 21.
Bxa4 b5 22. Bb3 Ra7 23. Rxd7 Kf8 24. Red1 f6 25. Rd8 Rxc7 26. R1d6 Nc6 27. R6d7
Rxd7 28. Rxd7 Re7 29. Rd6 Nb8 30. Rd8+ Re8 31. Rd4 Bb7 32. Rxb4 Rxe4 33. Rxb5
Re1+ 34. Kf2 Re7 35. Bd5 Bxd5 36. Rxd5 Kf7 37. c4 Nc6 38. Rd6 Nb8 39. b4 Rd7
40. Rxd7+ Nxd7 41. Ke3 Ke6 42. a4 Nb6 43. Kd4 Nxa4 44. g4 Kd6 45. c5+ Kc6 46.
h4 Nb2 47. g5 Nd1 48. gxf6 gxf6 1/2-1/2

[Event "Club Rapid"]
[Site "Wellington Chess Club"]
[Date "2019.07.11"]
[Round "5"]
[White "Wastney, Scott"]
[Black "Croad, Nicolas"]
[Result "1-0"]
[WhiteElo "2346"]
[BlackElo "2312"]

{ The annotations are from the tactical analysis feature in Chessbase, using
Komodo13 engine. You just press a button, go away for 20 minutes or so and come
back to an annotated game. I know it's a bit lazy, but I am in the habit of
using this feature fairly often. Sometimes you get amusing (witty?) comments
like the one after my 11th move that I wouldn't think of myself.} 1. e4 c5 2.
Nf3 d6 3. Bb5+ Nd7 4. Ba4 a6 5. c4 Nf6 6. O-O {B51: Sicilian: Moscow Variation
(3 Bb5+) without 3...Bd7} 6... e6 7. d4 cxd4 8. Qxd4 {White has an edge.} 8...
Be7 9. Nc3 O-O 10. Rd1 Qc7 11. Bxd7 {Strongly threatening Ba4.} 11... Bxd7
{[#]} 12. Bf4 {Black must now prevent e5.} 12... Bc6 13. Bxd6 Bxd6 14. Qxd6
Qxd6 15. Rxd6 Bxe4 {[#]} 16. Ne5 $1 Rac8 (16... Rfc8 $14) 17. f3 Rc5 18. Nd7 (
{Reject} 18. Nxe4 Nxe4 19. fxe4 Rxe5 $11)  ( {White should try} 18. f4 $16)
18... Nxd7 $14 19. Nxe4 Rc7 20. b4 Ne5 21. c5 Nc6 22. a3 {[%mdl 2048] White has
some pressure.} 22... h6 23. Rad1 f5 24. Nc3 e5 25. Nd5 Rcf7 26. Re6 (26. Kf2
$16) 26... Kh7 (26... Rd7 $14 {should be considered.} ) 27. Nb6 $16 a5 28. bxa5
Nxa5 29. Rxe5 Rc7 30. Rd7 Rxd7 31. Nxd7 { [%mdl 4096] Endgame KRN-KRN} 31...
Rf7 32. Rd5 Nc4 33. Ne5 ( {Better is} 33. a4) 33... Nxe5 34. Rxe5 {KR-KR} 34...
Kg6 35. Re6+ Kg5 36. Rb6 Rc7 37. Rb5 Kf4 (37... Kf6) 38. Kf2 h5 (38... Rc6 39.
Rxb7 Ke5 40. Rxg7 Rxc5) 39. g3+ $18 Kg5 40. f4+ Kf6 41. Ke3 Ke6 (41... h4 42.
Rb6+ (42. gxh4 Kg6 $16) 42... Ke7) 42. Kd4 { White has a decisive advantage.}
42... Kd7 43. Rb6 Kc8 44. Kd5 Rd7+ {Black lost on time. Accuracy: White = 64%,
Black = 56%.} 1-0

[Event "Club Rapid"]
[Site "Wellington Chess Club"]
[Date "2019.07.11"]
[Round "6"]
[White "Asher, Bruce"]
[Black "Cooke, Xandi"]
[Result "0-1"]
[WhiteElo "1181"]
[BlackElo "1100"]

1. d4 d5 2. c4 Nf6 3. Nc3 Be6 4. e3 Nc6 5. Nf3 g6 6. g3 Bg7 7. Bg2 O-O 8. O-O
Qd7 9. b3 Rad8 10. Ba3 Bh3 11. Bxh3 Qxh3 12. cxd5 Nxd5 13. Nxd5 Rxd5 14. e4 Rd7
15. d5 Bxa1 16. Qxa1 Nd8 17. Bb2 f6 18. Ng5 Qh5 19. f4 fxg5 20. Bh8 Qh6 21.
fxg5 Rxf1+ 22. Kxf1 Qf8+ 23. Kg1 e6 24. Qe5 Qd6 25. Qd4 e5 26. Bxe5 Qb6 27.
Qxb6 axb6 28. d6 cxd6 0-1

[Event "Club Rapid"]
[Site "Wellington Chess Club"]
[Date "2019.07.11"]
[Round "6"]
[White "Chen, Wei Kai"]
[Black "Ackroyd, William"]
[Result "1-0"]
[WhiteElo "1732"]
[BlackElo "1000"]

1. e4 c5 2. Nf3 d6 3. d4 cxd4 4. Nxd4 Nf6 5. Nc3 a6 6. Bc4 e6 7. O-O Be7 8. Bb3
O-O 9. Be3 Nc6 10. f4 Qc7 11. Rf3 b5 12. a3 Nxd4 13. Bxd4 Bb7 14. Rg3 d5 15. e5
Nd7 16. Qg4 g6 17. f5 Qc6 18. f6 1-0

[Event "Club Rapid"]
[Site "Wellington Chess Club"]
[Date "2019.07.11"]
[Round "6"]
[White "Croad, Nicolas"]
[Black "Benitez, Edgar"]
[Result "1-0"]
[WhiteElo "2312"]
[BlackElo "1816"]

1. d4 d5 2. c4 e6 3. Nc3 Nf6 4. cxd5 exd5 5. Bg5 Be7 6. e3 O-O 7. Bd3 b6 8. Qc2
h6 9. Bh4 Bb7 10. Nf3 Nbd7 11. O-O c5 12. Rad1 c4 13. Bf5 a6 14. a4 Bc6 15. Ne5
Bb7 16. f4 Ra7 17. Kh1 Ba8 18. g4 Nxe5 19. fxe5 Nd7 20. Bg3 Bg5 21. Qf2 Be7 22.
h4 Bc6 23. Bb1 b5 24. Qc2 g6 25. e6 Nf6 26. axb5 axb5 27. g5 hxg5 28. hxg5 Ne4
29. Nxe4 dxe4 30. exf7+ Rxf7 31. Rxf7 Kxf7 32. Qh2 Qg8 33. d5 Bd7 34. Bxe4 Bxg5
35. Rf1+ Ke8 36. Bd6 Bf5 37. Qe5+ Kd7 38. Rxf5 Ra1+ 39. Kg2 Qh7 40. Qe6+ 1-0

[Event "Club Rapid"]
[Site "Wellington Chess Club"]
[Date "2019.07.11"]
[Round "6"]
[White "Dunlop, Rafe"]
[Black "Van der Hoorn, Thomas"]
[Result "1/2-1/2"]
[WhiteElo "1000"]
[BlackElo "1000"]

1. e4 e5 2. Nf3 Nc6 3. Bb5 a6 4. Ba4 Nf6 5. d3 d5 6. Bxc6+ bxc6 7. Nxe5 dxe4 8.
Nxc6 Qd6 9. Na5 exd3 10. Qxd3 Qb4+ 11. Bd2 Qb6 12. Bc3 Bb4 13. Bxb4 Qxb4+ 14.
Qc3 Qe4+ 15. Kf1 Bb7 16. Nxb7 Qxb7 17. Nd2 O-O 18. f3 Qb5+ 19. Nc4 Rfe8 20. Kf2
Qc5+ 21. Ne3 Qb6 22. Rhe1 Nd5 23. Qb3 Nxe3 24. Qxb6 cxb6 25. Rxe3 Rac8 26.
Rxe8+ Rxe8 27. Re1 Rxe1 28. Kxe1 Kf8 29. Ke2 Ke7 30. Kd3 f5 31. Kd4 Kd6 32. c4
g5 33. g3 a5 34. a4 h6 35. h3 h5 36. b3 g4 37. hxg4 fxg4 38. fxg4 hxg4 39. Ke4
Kc5 40. Kf4 Kb4 41. Kxg4 Kxb3 42. Kf5 Kxc4 43. g4 Kb4 44. g5 Kxa4 45. g6 b5 46.
g7 b4 47. g8=Q Ka3 48. Qg3+ b3 49. Ke4 Ka2 50. Kd3 b2 51. Qf2 Ka1 52. Qe1+
b1=Q+ 53. Qxb1+ Kxb1 54. Kc4 1/2-1/2

[Event "Club Rapid"]
[Site "Wellington Chess Club"]
[Date "2019.07.11"]
[Round "6"]
[White "Farrington, Lawrence"]
[Black "Laking, Robert"]
[Result "0-1"]
[WhiteElo "1530"]
[BlackElo "1587"]

1. e4 c5 2. Nf3 Nc6 3. Bb5 e6 4. Bxc6 dxc6 5. Nc3 Nf6 6. d3 h6 7. O-O b5 8. b3
a5 9. Bb2 a4 10. Rb1 a3 11. Ba1 b4 12. e5 Nd5 13. Nxd5 cxd5 14. c4 d4 15. Nd2
Bb7 16. f3 Be7 17. Ne4 Rc8 18. Qe2 Rc6 19. Qf2 Bh4 20. g3 Be7 21. Rbd1 f5 22.
exf6 Bxf6 23. Rd2 e5 24. Qg2 O-O 25. Re2 Bg5 26. Rfe1 Rc7 27. Rf1 Rcf7 28. Nxc5
Bxf3 29. Rxf3 Rxf3 30. h4 Be3+ 31. Rxe3 dxe3 32. Bxe5 Rf1+ 33. Qxf1 Rxf1+ 34.
Kxf1 Qf8+ 35. Bf4 Qxc5 36. Ke2 Qd4 37. Bxe3 Qb2+ 38. Kf3 Qxa2 39. c5 Qxb3 40.
c6 Qd5+ 0-1

[Event "Club Rapid"]
[Site "Wellington Chess Club"]
[Date "2019.07.18"]
[Round "7"]
[White "Ackroyd, William"]
[Black "Osborne, Geoff"]
[Result "1-0"]
[WhiteElo "1000"]
[BlackElo "1250"]

1. e4 e5 2. Nf3 Nc6 3. Bb5 a6 4. Ba4 Nf6 5. d3 b5 6. Bb3 d6 7. h3 Na5 8. c3
Nxb3 9. Qxb3 Be7 10. Be3 O-O 11. Nbd2 Be6 12. Qc2 Rc8 13. d4 exd4 14. cxd4 d5
15. e5 Nd7 16. g4 c5 17. dxc5 Bxc5 18. Qd3 Bb4 19. a3 Ba5 20. b4 Bc7 21. Bd4
Bb6 22. Nb3 f6 23. exf6 Nxf6 24. Nfd2 Qd7 25. f3 Bxd4 26. Qxd4 Rce8 27. Kf2 Re7
28. Nc5 Qd6 29. Rhe1 Qh2+ 30. Kf1 Qxh3+ 31. Kg1 Qg3+ 32. Kf1 Bxg4 33. Rxe7 Bh3+
34. Ke2 Qh2+ 35. Qf2 Qf4 36. Ne6 1-0

[Event "Club Rapid"]
[Site "Wellington Chess Club"]
[Date "2019.07.18"]
[Round "7"]
[White "Laking, Robert"]
[Black "Sellen, Ian"]
[Result "1/2-1/2"]
[WhiteElo "1587"]
[BlackElo "2020"]

1. d4 d5 2. c4 e6 3. Nf3 Nf6 4. Nc3 dxc4 5. e4 c5 6. d5 exd5 7. exd5 Bd6 8.
Bxc4 Qe7+ 9. Qe2 Qxe2+ 10. Kxe2 a6 11. a4 O-O 12. Re1 Bg4 13. h3 Re8+ 14. Be3
Bxf3+ 15. Kxf3 Nbd7 16. Bf4 Ne5+ 17. Bxe5 Bxe5 18. g4 h6 19. Ne4 Bxb2 20. Rab1
Nxe4 21. Rxe4 Rxe4 22. Kxe4 Bd4 23. Rxb7 Re8+ 24. Kf3 Rd8 25. Rb6 a5 26. Rb5
Rd6 27. Kg3 Bc3 28. Rxc5 Bb4 29. Rc6 Kf8 30. f4 Ke7 31. g5 hxg5 32. fxg5 f6 33.
Kg4 fxg5 34. Kxg5 Kd7 35. Ra6 Rxa6 36. Bxa6 Kd6 1/2-1/2

[Event "Club Rapid"]
[Site "Wellington Chess Club"]
[Date "2019.07.18"]
[Round "7"]
[White "Timergazi, Layla"]
[Black "Croad, Nicolas"]
[Result "1/2-1/2"]
[WhiteElo "2069"]
[BlackElo "2312"]

1. d4 Nf6 2. c4 g6 3. Nc3 Bg7 4. e4 d6 5. h3 O-O 6. Bg5 c5 7. d5 e6 8. Bd3 exd5
9. exd5 h6 10. Bf4 a6 11. Qd2 g5 12. Bh2 b5 13. Nge2 Nbd7 14. Bxd6 Re8 15. O-O
bxc4 16. Bc2 Nb6 17. Bxc5 Nbxd5 18. Rfd1 Bb7 19. Ba4 Re5 20. Bd4 Nxc3 21. Nxc3
Re6 22. Qc2 Qa5 23. Re1 Rd8 1/2-1/2

[Event "Club Rapid"]
[Site "Wellington Chess Club"]
[Date "2019.07.18"]
[Round "7"]
[White "Van der Hoorn, Thomas"]
[Black "Ross, Matt"]
[Result "1-0"]
[WhiteElo "1000"]
[BlackElo "1500"]

1. e4 e5 2. Nf3 Nc6 3. Bb5 d6 4. d4 Nf6 5. Bg5 Bd7 6. O-O Nxd4 7. Nxd4 exd4 8.
Bxd7+ Qxd7 9. Bxf6 gxf6 10. Qxd4 Be7 11. Nc3 Rg8 12. Nd5 O-O-O 13. Nxf6 Bxf6
14. Qxf6 Kb8 15. Rfe1 Rg6 16. Qf5 Qe7 17. Rad1 Rdg8 18. g3 Rh6 19. h4 Qxh4 20.
Qf3 Rhg6 21. Qxf7 Rxg3+ 22. Kf1 Rg1+ 23. Ke2 Qxe4+ 24. Kd2 Qg6 25. Re7 Qg5+ 26.
f4 Qa5+ 27. c3 R8g2+ 28. Kc1 Rxd1+ 29. Kxd1 a6 30. Re2 Rg6 31. f5 Rg1+ 32. Re1
Rxe1+ 33. Kxe1 Qe5+ 34. Kd2 Kc8 35. Qxh7 Kd8 36. Qg8+ Kd7 37. Qf7+ Qe7 38.
Qxe7+ Kxe7 39. Ke3 Kf6 40. Ke4 c6 41. c4 b6 42. b4 Ke7 43. a4 Kf6 44. b5 axb5
45. axb5 d5+ 46. cxd5 cxb5 47. d6 Kf7 48. Kd4 Ke8 49. f6 Kf7 50. d7 b4 51. d8=Q
b3 52. Qe7+ Kg6 53. Qg7+ Kf5 54. f7 Ke6 55. f8=Q b2 56. Qge7# 1-0

[Event "Club Rapid"]
[Site "Wellington Chess Club"]
[Date "2019.07.18"]
[Round "8"]
[White "Ker, Anthony"]
[Black "Croad, Nicolas"]
[Result "0-1"]
[WhiteElo "2374"]
[BlackElo "2312"]

1. e4 e6 2. d4 d5 3. e5 c5 4. c3 Nc6 5. Nf3 Qb6 6. Bd3 cxd4 7. cxd4 Bd7 8. Nbd2
Nxd4 9. O-O Bc5 10. b4 Qxb4 11. Nxd4 Bxd4 12. Rb1 Qc3 13. Nf3 Bb6 14. Rb3 Qc7
15. Qd2 Ne7 16. Ba3 Ng6 17. Bd6 Qd8 18. Rc1 Rc8 19. Rxc8 Qxc8 20. Rc3 Qd8 21.
Qc1 Ne7 22. Qg5 Nf5 23. Qg4 h5 24. Qf4 Nxd6 25. exd6 Qf6 26. Qc1 O-O 27. h4 e5
28. Qg5 Qxg5 29. Nxg5 e4 30. Bc2 g6 31. Kf1 Rd8 32. f3 d4 0-1

[Event "Club Rapid"]
[Site "Wellington Chess Club"]
[Date "2019.07.18"]
[Round "8"]
[White "Rabina, Romeo"]
[Black "Laking, Robert"]
[Result "0-1"]
[WhiteElo "1557"]
[BlackElo "1587"]

1. e4 c5 2. Nf3 Nc6 3. d4 cxd4 4. Nxd4 Qc7 5. Nc3 e6 6. Be3 Nf6 7. a3 a6 8. f4
d6 9. Be2 b5 10. O-O Na5 11. f5 e5 12. Nf3 Nc4 13. Bc1 Bb7 14. Nd5 Qc5+ 15. Kh1
Nxe4 16. Bxc4 bxc4 17. Ne3 f6 18. Qe2 d5 19. Bd2 a5 20. b4 Qc6 21. Ng4 Bd6 22.
Rfe1 c3 23. Be3 Ba6 24. Qd1 Bc4 25. Bg1 h5 26. Ne3 axb4 27. axb4 Rxa1 28. Qxa1
Ba6 0-1

[Event "Club Rapid"]
[Site "Wellington Chess Club"]
[Date "2019.07.18"]
[Round "8"]
[White "Ross, Matt"]
[Black "He, Caleb"]
[Result "0-1"]
[WhiteElo "1500"]
[BlackElo "1494"]

1. e4 c5 2. Nf3 Nc6 3. c3 Nf6 4. e5 Nd5 5. d4 cxd4 6. cxd4 d6 7. Bd3 e6 8. O-O
Be7 9. Nc3 Nxc3 10. bxc3 dxe5 11. dxe5 O-O 12. Be3 Qa5 13. Qc2 h6 14. Rab1 Nxe5
15. Nxe5 Qxe5 16. Rb5 Qc7 17. Rh5 Bd7 18. Kh1 f5 19. Qb3 Kh8 20. f4 Rac8 21.
Bd4 Bf6 22. Be5 Bxe5 23. fxe5 Qxc3 24. Qb1 Qxe5 25. Qxb7 Qd4 26. Qb1 Bc6 27.
Bxf5 exf5 28. Rhxf5 Rxf5 29. Qxf5 Re8 30. Qg6 Bd7 31. Qf7 Bb5 32. Rb1 Qe4 33.
Rg1 Qd4 34. h3 Qf6 35. Qxa7 Re7 36. Qb8+ Be8 37. Rd1 Re2 38. a4 Qf2 39. Rg1 Re1
40. Rxe1 Qxe1+ 41. Kh2 Kh7 42. Qf4 Qe2 43. a5 Bc6 44. Qf5+ Kg8 45. Qc8+ Be8 46.
Qb8 Kh7 47. Qb6 Bg6 48. Qd4 Be4 49. Qg1 Qa2 0-1

[Event "Julian Mazur Memorial"]
[Site "Wellington Chess Club"]
[Date "2019.08.01"]
[Round "1.1"]
[White "Ker, Anthony"]
[Black "Wevers, Alexis"]
[Result "1/2-1/2"]
[WhiteElo "2456"]
[BlackElo "1807"]

1. e4 c5 2. Nc3 d6 3. f4 g6 4. Nf3 Bg7 5. Bc4 e6 6. O-O Ne7 7. Qe1 O-O 8. d3 d5
9. Bb3 Nbc6 10. Qh4 dxe4 11. dxe4 Nd4 12. Be3 Nxf3+ 13. Rxf3 Nc6 14. Qxd8 Rxd8
15. Bxc5 b6 16. Be3 Bb7 17. Rff1 Nd4 18. e5 Bf8 19. Rfd1 Bc5 20. Bf2 Rac8 21.
Rd3 Ba6 22. Rh3 Ne2+ 23. Nxe2 Bxe2 24. Bxc5 Rxc5 25. Kf2 Ba6 26. Ke1 Bb7 27.
Rg3 Rd4 28. Rd1 Rxf4 29. Rd7 Rxe5+ 30. Kd2 Rf2+ 31. Kc3 Rc5+ 32. Kd4 Rd2+ 33.
Rd3 Rxd3+ 34. cxd3 Bxg2 35. Rxa7 h5 36. Ra6 e5+ 37. Ke3 Rc6 38. Ra7 Rf6 39. Re7
Rf5 40. Re8+ Kg7 41. Rb8 Rf6 42. Re8 Rf5 43. Rb8 Rf6 44. Re8 1/2-1/2

[Event "Julian Mazur Memorial"]
[Site "Wellington Chess Club"]
[Date "2019.08.01"]
[Round "1.2"]
[White "Van der Hoorn, Thomas"]
[Black "Croad, Nicolas"]
[Result "0-1"]
[WhiteElo "1795"]
[BlackElo "2453"]

1. e4 c5 2. Nf3 d6 3. d4 cxd4 4. Nxd4 Nf6 5. Nc3 Nc6 6. Bb5 Bd7 7. Nb3 a6 8.
Bd3 e6 9. Bf4 Be7 10. O-O O-O 11. Qd2 b5 12. a3 Bc8 13. Rfe1 Bb7 14. Qe3 Ne5
15. Bxe5 dxe5 16. Rad1 Qc7 17. Nd2 h6 18. Qg3 Nh5 19. Qg4 Nf4 20. Nf3 Rad8 21.
Ne2 f5 22. exf5 exf5 23. Bxf5 h5 24. Qg3 Rxd1 25. Rxd1 Nxe2+ 26. Kh1 Nxg3+ 27.
hxg3 Rxf5 0-1